| 000 | 00437nam a2200157Ia 4500 | ||
|---|---|---|---|
| 008 | 210210b2000 xxu||||| |||| 00| 0 eng d | ||
| 020 | _a81 7100 102 5 | ||
| 082 | _a362 GOES | ||
| 100 | _aGOEL (S L) and JAIN (R K). | ||
| 245 | _aSocial welfare administration: Vol.1 theory and practice. | ||
| 260 |
_aND _bDeep & Deep Publications _c2000 |
||
| 300 | _a386 | ||
| 650 | _aSocial welfare | ||
| 690 | _aSocial Welfare | ||
| 906 | _a059258 | ||
| 999 |
_c106225 _d106225 |
||